Yes, you can time the market! / (Record no. 345527)
[ view plain ]
| 000 -LEADER | |
|---|---|
| fixed length control field | 02285 a2200205 4500 |
| 020 ## - INTERNATIONAL STANDARD BOOK NUMBER | |
| International Standard Book Number | 0471430161 |
| 020 ## - INTERNATIONAL STANDARD BOOK NUMBER | |
| International Standard Book Number | 9780471430162 |
| 082 04 - DEWEY DECIMAL CLASSIFICATION NUMBER | |
| Classification number | 332.632042 |
| 090 ## - LOCALLY ASSIGNED LC-TYPE CALL NUMBER (OCLC); LOCAL CALL NUMBER (RLIN) | |
| -- | 3037 |
| -- | 3037 |
| 100 1# - MAIN ENTRY--PERSONAL NAME | |
| Personal name | Stein, Ben. |
| 245 10 - TITLE STATEMENT | |
| Title | Yes, you can time the market! / |
| Statement of responsibility, etc. | Ben Stein. |
| 250 ## - EDITION STATEMENT | |
| Edition statement | 1st ed. |
| 260 ## - PUBLICATION, DISTRIBUTION, ETC. | |
| Place of publication, distribution, etc. | [S.l.] : |
| Name of publisher, distributor, etc. | Wiley, |
| Date of publication, distribution, etc. | 2003. |
| 300 ## - PHYSICAL DESCRIPTION | |
| Extent | 240 p. ; |
| Dimensions | 24 cm. |
| 500 ## - GENERAL NOTE | |
| General note | Hardcover. |
| 520 ## - SUMMARY, ETC. | |
| Summary, etc. | Praise for Yes, You Can Time the Market! "‘Buy and hold’ makes sense for the average investor in stocks. Even better, say Stein and DeMuth, is to buy only when prices are low and hold when prices are high, keeping accumulating savings in Treasuries while waiting for ‘low’ prices. They define ‘low’ and ‘high’ prices by historical experience. An interesting and thoughtful analysis." –Professor Milton Friedman University of Chicago, Hoover Center Nobel Prize Winner in Economics, 1976 "Wall Street, prepare yourself. Ben and Phil hit the nail on the head with their insightful guide to investing. No gimmicks, no games, just tapping the true power of economics to make sensible investment decisions. Add to that the authors’ dry wit, and this handbook is a must-read for investors small and large." –Diane C. Swonk Director of Economics, Chief Economist Senior Vice President, Bank One Corporation " The logic and reasoning are persuasive. Stein and DeMuth buttress them with evidence, lots of it. The term ‘valuable’ properly applies to the guidance of the conclusions." –C. Lowell Harriss Professor Emeritus of Economics Columbia University "How refreshing to read commonsense advice about the stock market! Stein and DeMuth’s findings are both verifiable and free of quantitative trickery. What’s more, their writing is as clear and straightforward as the methods they recommend." –Martin Fridson author, It Was a Very Good Year: Extraordinary |
| 856 ## - ELECTRONIC LOCATION AND ACCESS | |
| Materials specified | Amazon.com |
| Uniform Resource Identifier | <a href="http://www.amazon.com/exec/obido">http://www.amazon.com/exec/obido</a> |
| 856 ## - ELECTRONIC LOCATION AND ACCESS | |
| Materials specified | Amazon customer reviews |
| Uniform Resource Identifier | <a href="http://www.chopac.org/cg">http://www.chopac.org/cg</a> |
| 942 ## - ADDED ENTRY ELEMENTS (KOHA) | |
| Institution code [OBSOLETE] | NBS |
| Koha item type | Book |
| Call number prefix | 332.632042 STE |
| Withdrawn status | Lost status | Damaged status | Not for loan | Permanent Location | Current Location | Date acquired | Total Checkouts | Full call number | Barcode | Date last seen | Date last checked out | Price effective from | Koha item type | Checked out |
|---|---|---|---|---|---|---|---|---|---|---|---|---|---|---|
| Central Library (CL) | Central Library (CL) | 08/28/2013 | 2 | 332.632042 STE | NBSD-271 | 11/15/2021 | 08/03/2017 | 08/28/2013 | Book | |||||
| Central Library (CL) | Central Library (CL) | 08/28/2013 | 3 | 332.632042 STE | NBSD-270 | 01/24/2026 | 01/24/2026 | 08/28/2013 | Book | 05/24/2026 |
